Organic Chemistry.Vol 2 (Record no. 58010)
[ view plain ]
| 000 -LEADER | |
|---|---|
| fixed length control field | 00481nam a2200181Ia 4500 |
| 001 - CONTROL NUMBER | |
| control field | 58111 |
| 008 - FIXED-LENGTH DATA ELEMENTS--GENERAL INFORMATION | |
| fixed length control field | 141203n ii |||gr||||Z||||||465 |
| 020 ## - INTERNATIONAL STANDARD BOOK NUMBER | |
| International Standard Book Number | 978-81-775-8541-4 |
| 082 ## - DEWEY DECIMAL CLASSIFICATION NUMBER | |
| Classification number | 547 |
| 100 ## - MAIN ENTRY--PERSONAL NAME | |
| Personal name | Finar, |
| Relator term | I.L., |
| 245 #0 - TITLE STATEMENT | |
| Title | Organic Chemistry.Vol 2 |
| Statement of responsibility, etc. | I.L.Finar |
| Medium | Textual Documents |
| 250 ## - EDITION STATEMENT | |
| Edition statement | Ist ed-2006. |
| 260 ## - PUBLICATION, DISTRIBUTION, ETC. | |
| Place of publication, distribution, etc. | South Asia: |
| Name of publisher, distributor, etc. | Dorling Kindersley (India) Pvt Ltd. |
| 300 ## - PHYSICAL DESCRIPTION | |
| Extent | 956p: |
| Dimensions | 23cm. |
| 653 ## - INDEX TERM--UNCONTROLLED | |
| Uncontrolled term | Organic chemistry |
| 653 ## - INDEX TERM--UNCONTROLLED | |
| Uncontrolled term | G-Che |
| 942 ## - ADDED ENTRY ELEMENTS (KOHA) | |
| Source of classification or shelving scheme | Dewey Decimal Classification |
| Koha item type | Books |
| Withdrawn status | Lost status | Damaged status | Not for loan | Collection | Home library | Current library | Shelving location | Date acquired | Coded location qualifier | Total checkouts | Full call number | Barcode | Date last seen | Copy number | Price effective from | Koha item type |
|---|---|---|---|---|---|---|---|---|---|---|---|---|---|---|---|---|
| Dr. Suryya Kumar Bhuyan Library | Dr. Suryya Kumar Bhuyan Library | 03/12/2014 | 00000 | 547 Fi459Or | 3190/EL | 14/01/2024 | 1 | 03/12/2014 | Books |
